000 00643nam a2200229Ia 4500
003 OSt
005 20220925210959.0
006 a|||||r|||| 00| 0
007 ta
008 220923b |||||||| |||| 00| 0 eng d
037 _cGeneral Book
040 _aRTL
_cRTL
_beng
041 _2eng
_aeng
082 _aY31:677.2.N7, L9
100 _aMann R S
_9138333
245 0 _aSocial structure, Social change and future trends
260 _aJaipur
_bRawat
_c1979
300 _aviii, 264p
_ccm.
650 _aRural Social Change
_9232348
942 _hY31:677.2.N7, L9
_cGB
_2CC
999 _c556398
_d556398